| 000 | 00383nam a2200181Ia 4500 | ||
|---|---|---|---|
| 001 | 6223 | ||
| 005 | 20250626025557.0 | ||
| 008 | 211022s9999 xx 000 0 und d | ||
| 020 | _a0870112341 | ||
| 082 | _a917.98 JOH | ||
| 100 | _aJohnson, Paul C. | ||
| 245 | 0 | _aAlaska | |
| 260 | _aTokyo | ||
| 260 | _bKodansha International | ||
| 260 | _c1974 | ||
| 300 | _a130 | ||
| 942 | _cBK | ||
| 999 |
_c5678 _d5678 |
||